<?xml version="1.0" encoding="UTF-8"?><?xml-stylesheet type="text/xsl" href="static/style.xsl"?><OAI-PMH xmlns="http://www.openarchives.org/OAI/2.0/" xmlns:xsi="http://www.w3.org/2001/XMLSchema-instance" xsi:schemaLocation="http://www.openarchives.org/OAI/2.0/ http://www.openarchives.org/OAI/2.0/OAI-PMH.xsd"><responseDate>2026-06-29T02:43:00Z</responseDate><request verb="GetRecord" identifier="oai:docta.ucm.es:20.500.14352/120392" metadataPrefix="marc">https://docta.ucm.es/rest/oai/request</request><GetRecord><record><header><identifier>oai:docta.ucm.es:20.500.14352/120392</identifier><datestamp>2025-07-22T15:00:01Z</datestamp><setSpec>com_20.500.14352_1</setSpec><setSpec>col_20.500.14352_5</setSpec></header><metadata><record xmlns="http://www.loc.gov/MARC21/slim" xmlns:dcterms="http://purl.org/dc/terms/" xmlns:xsi="http://www.w3.org/2001/XMLSchema-instance" xmlns:doc="http://www.lyncode.com/xoai" xsi:schemaLocation="http://www.loc.gov/MARC21/slim http://www.loc.gov/standards/marcxml/schema/MARC21slim.xsd">
   <leader>00925njm 22002777a 4500</leader>
   <datafield ind2=" " ind1=" " tag="042">
      <subfield code="a">dc</subfield>
   </datafield>
   <datafield ind2=" " ind1=" " tag="720">
      <subfield code="a">Gil López, Águeda</subfield>
      <subfield code="e">author</subfield>
   </datafield>
   <datafield ind2=" " ind1=" " tag="720">
      <subfield code="a">San Román López, Elena Cristina</subfield>
      <subfield code="e">author</subfield>
   </datafield>
   <datafield ind2=" " ind1=" " tag="720">
      <subfield code="a">Ortiz-Villajos López, José María</subfield>
      <subfield code="e">author</subfield>
   </datafield>
   <datafield ind2=" " ind1=" " tag="720">
      <subfield code="a">Hernández Barahona, Jorge</subfield>
      <subfield code="e">author</subfield>
   </datafield>
   <datafield ind2=" " ind1=" " tag="720">
      <subfield code="a">Mateo López-Mora, Teresa</subfield>
      <subfield code="e">author</subfield>
   </datafield>
   <datafield ind2=" " ind1=" " tag="720">
      <subfield code="a">López Paredes, Gonzalo Efraín</subfield>
      <subfield code="e">author</subfield>
   </datafield>
   <datafield ind2=" " ind1=" " tag="720">
      <subfield code="a">García Aguilar, Silvia</subfield>
      <subfield code="e">author</subfield>
   </datafield>
   <datafield ind2=" " ind1=" " tag="720">
      <subfield code="a">GONZÁLEZ BERNARDOS, ÁLVARO</subfield>
      <subfield code="e">author</subfield>
   </datafield>
   <datafield ind2=" " ind1=" " tag="260">
      <subfield code="c">2025</subfield>
   </datafield>
   <datafield ind2=" " ind1=" " tag="520">
      <subfield code="a">El proyecto de innovación docente “Pregúntale a ChatGPT. La Inteligencia Artificial en la docencia de Historia Económica” ha tenido como objetivo principal familiarizar a los estudiantes con el uso responsable de herramientas de inteligencia artificial (IA) en el contexto universitario, promoviendo la búsqueda de información, el pensamiento crítico y la expresión escrita. A través de una metodología experimental aplicada en la asignatura Historia Económica, se diseñaron dos prácticas —una grupal y otra individual— que permitieron comparar el trabajo con y sin IA, así como analizar su impacto en el rendimiento académico y en la calidad del aprendizaje. Las encuestas realizadas antes y después de las actividades evidencian un uso creciente de estas tecnologías por parte del estudiantado, que valora positivamente su utilidad, aunque manifiesta inquietudes sobre la fiabilidad de los resultados, la dependencia tecnológica y la privacidad. Los resultados muestran que la IA puede mejorar la claridad expositiva y la estructuración del discurso, pero también puede limitar la originalidad y la reflexión si se utiliza de forma acrítica. El proyecto concluye con la elaboración de una ponencia aceptada en las Jornadas de Docencia en Economía (Madrid, junio de 2025), y subraya la importancia de integrar la IA en la docencia universitaria desde una perspectiva crítica y formativa.</subfield>
   </datafield>
   <datafield ind1="8" ind2=" " tag="024">
      <subfield code="a">https://hdl.handle.net/20.500.14352/120392</subfield>
   </datafield>
   <datafield ind1="8" ind2=" " tag="024">
      <subfield code="a">214</subfield>
   </datafield>
   <datafield ind2="0" ind1="0" tag="245">
      <subfield code="a">Pregúntale a ChatGPT. La Inteligencia Artificial en la docencia de Historia Económica</subfield>
   </datafield>
</record></metadata></record></GetRecord></OAI-PMH>